000 00814nam a22002297a 4500
005 20100810150434.0
010 _aENG-99376
020 _a9788190761840
_c180.00
035 _aEN-82908
037 _bDBAD/PUB
082 _a610.954
100 _aGubendiran,K
_910274
245 _aPosition of Indian agriculture in the world /
_cby K Gubendiran
260 _aChennai
_bMukil Pathippagam
_c2008
270 _aNew No 15 Old No 93 J -Block Welcome Street MMDA Colony Arumbakkam
_bChennai
_e106
300 _a134p
_c19cm(pbk)
500 _aIncludes references
650 _aAgriculture
_910275
650 _aIndia
942 _2ddc
_cEN
_h610.954
_mGUB
999 _c40717
_d40717